000 00608nam a22001937a 4500
005 20251108174715.0
008 250721s2005 xx 000 0 ara d
082 1 4 _aط/219/زغل
100 1 _aزغلول، احمد
_eمؤلف
245 1 0 _aالرسول الوفي /
264 1 _aالبصرة :
_bشركة المجرة للنشر والتوزيع،
_c2005.
300 _a12ص.
490 0 _aمن أخلاق الحبيب
_v3.
650 1 7 _aالاسلام
650 1 7 _aاخلاق الرسول
653 _aاطفال مرحله متوسطه (6-9) سنوات
942 _2ddc
_cBK
999 _c115979
_d115979